01268cam a22003015a 45000010009000000050017000090080041000260200023000670200023000900400028001130820021001412450148001622600128003103000036004385000024004745040041004986500037005396500046005766510010006226530020006326550024006527000028006767000037007047000032007419420021007739990017007949520155008111818365320150519122757.0140610s2014 enka frb 001 0 eng d a9781780766768 (PB) a9781780766751 (HB) aDLCbengcDLCdEG-ScBUE04a323.445bTRA22200aTransparency in politics and the media :baccountability and open government /cedited by Nigel Bowles, James T. Hamilton and David A. L. Levy. aLondon ;aNew York ;bI. B. Tauris & Co. Ltd :bReuters Institute for the Study of Journalism, University of Oxford,c2014. axxiii, 238 p. :bill. ;c23 cm. aIndex : p. 233-238. aIncludes bibliographical references. 0aGovernment and the press.2BUEsh 0aTransparency in government.2BUEsh912043 2BUEsh bCOMAMEcMay2015 vreading book9342321 aBowles, Nigel,eeditor.1 aHamilton, James,d1961-eeditor.1 aLevy, David A. L.,eeditor. 2ddck323.445 TRA c19367d19339 00102ddc40708BaccahaMAINbMAINc1STd2015-05-18epurchaseg210.00h313l1m1o323.445 TRAp000038241r2025-07-15 00:00:00s2015-05-21v262.50yBB